[Event "HUN-ch-Women KO 2019"]
[Site "Budapest"]
[Date "2019.12.12"]
[Round "1.1"]
[White "Gal, Hanna Krisztina"]
[Black "Gara, Anita"]
[Result "1/2-1/2"]
[WhiteElo "2174"]
[BlackElo "2350"]
[Annotator "NA"]
[PlyCount "74"]
[EventDate "2019.12.10"]
[EventType "k.o."]
[EventCountry "HUN"]
[SourceTitle "playchess.com"]
[Source "ChessBase"]
[SourceQuality "1"]
[TimeControl "40/5400+30:1800+30"]

1. e4 {[%emt 0:00:03]} c5 {[%emt 0:00:03]} 2. Nf3 {[%emt 0:00:10]} ({Predecessor:} 2. Nc3 Nc6 3. Bb5 Nd4 4. Nf3 Nxb5 5. Nxb5 a6 6. Nc3 d6 7. d4 cxd4 8. Qxd4 e5 9. Qd3 Be6 10. O-O {0-1 (33) Torres,S (1897)-Pulvett Marin,D (2405) Zaragoza 2013}) 2... d6 {[%emt 0:00:09]} 3. Bb5+ {[%emt 0:00:15]} Nd7 {[%emt 0:00:15]} 4. O-O {[%emt 0:03:13]} a6 {[%emt 0:00:16]} 5. Bxd7+ {[%emt 0:00:27]} Bxd7 {[%emt 0:00:04]} 6. d4 {[%emt 0:02:19]} cxd4 {[%emt 0:00:06]} 7. Qxd4 {[%emt 0:01:34]} e5 {[%emt 0:00:24]} 8. Qd3 {[%emt 0:04:20]} Rc8 {[%emt 0:00:09] B51: Sicilian: Moscow Variation (3 Bb5+) without 3...Bd7} 9. Nc3 {[%emt 0:01:02]} Be6 $146 {[%emt 0:02:51]} (9... h6 10. Nd2 Qc7 11. h3 Nf6 12. a4 Be7 13. Rd1 O-O 14. Nf1 Be6 15. Ne3 Qc5 {½-½ (37) Nepomniachtchi,I (2773)-Wojtaszek,R (2724) Moscow 2019}) 10. Nd5 {[%emt 0:06:04]} Bxd5 {[%emt 0:01:06]} 11. Qxd5 {[%emt 0:05:04]} Qc7 {[%emt 0:00:25]} 12. c3 {[%emt 0:04:32]} Nf6 {[%emt 0:01:20]} 13. Qd3 {[%emt 0:01:10]} Qc4 {[%emt 0:04:30]} 14. Qxc4 {[%emt 0:02:14]} Rxc4 {[%emt 0:00:03]} 15. Nd2 {[%emt 0:00:10]} Rc6 {[%emt 0:00:16]} 16. Re1 {[%emt 0:00:20]} Be7 {[%emt 0:01:00]} 17. Nb3 {[%emt 0:10:11]} h6 {[%emt 0:05:08]} 18. Bd2 {[%emt 0:05:02]} Bd8 {[%emt 0:04:47]} 19. Rad1 {[%emt 0:02:49]} Ke7 {[%emt 0:05:15]} 20. Na1 {[%emt 0:07:58]} Bb6 {[%emt 0:10:38]} 21. Be3 {[%emt 0:04:53]} Bxe3 {[%emt 0:05:49]} 22. Rxe3 {[%emt 0:00:06]} Rb6 {[%emt 0:00:51]} 23. b3 {[%emt 0:11:06]} a5 {[%emt 0:03:49]} 24. Nc2 {[%emt 0:12:40]} a4 {[%emt 0:03:56]} 25. b4 {[%emt 0:00:50]} Rc8 {[%emt 0:01:18]} 26. Na3 {[%emt 0:00:46]} Ke6 {[%emt 0:02:24]} 27. Rde1 {[%emt 0:01:48]} Nd7 {[%emt 0:06:54]} 28. Rd1 {[%emt 0:04:58]} Nf6 {[%emt 0:06:31]} 29. Rde1 $1 {[%emt 0:00:09]} Rbc6 {[%emt 0:08:30]} 30. Nb5 {[%emt 0:01:08]} Rd8 {[%emt 0:02:01]} 31. f4 $15 {[%emt 0:03:19]} Ke7 {[%emt 0:01:59]} 32. f5 {[%emt 0:00:51]} Nd7 {[%emt 0:07:19]} 33. Rd3 {[%emt 0:01:39]} Nb6 {[%emt 0:00:14]} 34. Red1 {[%emt 0:01:47]} Nc4 {[%emt 0:00:20]} 35. Rg3 {[%emt 0:00:25]} Kf6 {[%emt 0:03:10]} 36. h3 {[%emt 0:00:42]} Rd7 {[%emt 0:00:18]} 37. Rd5 {[%emt 0:00:48]} Nb6 {[%emt 0:00:45]} 1/2-1/2

[Event "HUN-ch-Women KO 2019"]
[Site "Budapest"]
[Date "2019.12.13"]
[Round "1.2"]
[White "Gara, Anita"]
[Black "Gal, Hanna Krisztina"]
[Result "1-0"]
[WhiteElo "2350"]
[BlackElo "2174"]
[Annotator "NA"]
[PlyCount "73"]
[EventDate "2019.12.10"]
[EventType "k.o."]
[EventCountry "HUN"]
[SourceTitle "playchess.com"]
[Source "ChessBase"]
[SourceQuality "1"]
[TimeControl "40/5400+30:1800+30"]

1. e4 {[%emt 0:00:01]} c5 {[%emt 0:00:07]} 2. Nf3 {[%emt 0:00:04]} e6 {[%emt 0:00:07]} 3. d4 {[%emt 0:00:07]} cxd4 {[%emt 0:00:07]} 4. Nxd4 {[%emt 0:00:03]} a6 {[%emt 0:00:12]} 5. c4 {[%emt 0:00:20]} Nf6 {[%emt 0:00:28]} 6. Nc3 {[%emt 0:00:04]} Qc7 {[%emt 0:00:36]} 7. Be2 {[%emt 0:00:16]} b6 {[%emt 0:00:50]} 8. O-O {[%emt 0:01:15]} Bb7 {[%emt 0:00:29]} 9. Qd3 {[%emt 0:00:09]} Bb4 {[%emt 0:07:04]} 10. Bg5 {[%emt 0:02:13]} Bxc3 {[%emt 0:07:10]} 11. Bxf6 {[%emt 0:00:33]} gxf6 {[%emt 0:00:15]} 12. Qxc3 {[%emt 0:00:24]} Rg8 {[%emt 0:01:57]} 13. Bf3 {[%emt 0:13:35]} d6 {[%emt 0:02:36]} 14. g3 {[%emt 0:13:25]} Nd7 {[%emt 0:01:23]} 15. Rac1 {[%emt 0:00:54]} Ke7 {[%emt 0:11:18]} 16. Rfe1 {[%emt 0:02:57]} Rac8 {[%emt 0:05:15]} 17. Qd2 {[%emt 0:08:56]} Ne5 {[%emt 0:29:51]} 18. Bg2 {[%emt 0:00:54]} h5 {[%emt 0:03:20]} 19. f4 {[%emt 0:09:03]} Nc6 {[%emt 0:06:20]} 20. Nf3 {[%emt 0:00:10]} b5 {[%emt 0:01:13]} 21. Qe3 {[%emt 0:06:20]} bxc4 {[%emt 0:01:15]} 22. Rxc4 {[%emt 0:00:37]} Qa5 {[%emt 0:01:13]} 23. Rec1 {[%emt 0:01:52]} e5 {[%emt 0:11:49]} 24. Bh3 {[%emt 0:06:30]} exf4 {[%emt 0:04:16]} 25. Qxf4 {[%emt 0:00:43]} Qb6+ {[%emt 0:01:29]} 26. Kh1 {[%emt 0:00:29]} Rcd8 {[%emt 0:00:29]} 27. Nh4 {[%emt 0:01:23]} d5 {[%emt 0:01:16]} 28. Nf5+ {[%emt 0:01:21]} Ke8 {[%emt 0:00:11]} 29. Nd6+ {[%emt 0:01:33]} Ke7 {[%emt 0:00:14]} 30. exd5 {[%emt 0:14:18]} Rxd6 {[%emt 0:00:59]} 31. dxc6 {[%emt 0:00:03]} Bxc6+ {[%emt 0:00:59]} 32. Rxc6 {[%emt 0:00:41]} Rxc6 {[%emt 0:00:15]} 33. Qe4+ {[%emt 0:02:09]} Re6 {[%emt 0:00:29]} 34. Bxe6 {[%emt 0:00:07]} Qxe6 {[%emt 0:00:13]} 35. Qb4+ {[%emt 0:00:43]} Qd6 {[%emt 0:01:03]} 36. Re1+ {[%emt 0:04:49]} Kd7 {[%emt 0:00:03]} 37. Qb7+ {[%emt 0:00:14]} 1-0

[Event "HUN-ch-Women KO 2019"]
[Site "Budapest"]
[Date "2019.12.13"]
[Round "1.2"]
[White "Lazarne Vajda, Szidonia"]
[Black "Goczo, Melinda"]
[Result "1-0"]
[WhiteElo "2333"]
[BlackElo "2222"]
[Annotator "NA"]
[PlyCount "99"]
[EventDate "2019.12.10"]
[EventType "k.o."]
[EventCountry "HUN"]
[SourceTitle "playchess.com"]
[Source "ChessBase"]
[SourceQuality "1"]
[TimeControl "40/5400+30:1800+30"]

1. d4 {[%emt 0:00:05]} d6 {[%emt 0:01:04]} 2. Nf3 {[%emt 0:01:19]} Nf6 {[%emt 0:04:41]} 3. g3 {[%emt 0:03:29]} g6 {[%emt 0:02:35]} 4. Bg2 {[%emt 0:01:13]} Bg7 {[%emt 0:00:05]} 5. O-O {[%emt 0:00:34]} O-O {[%emt 0:00:03]} 6. c4 {[%emt 0:00:35]} Nbd7 {[%emt 0:01:58]} 7. Nc3 {[%emt 0:01:34]} e5 {[%emt 0:03:26]} 8. e4 {[%emt 0:01:59]} a5 {[%emt 0:07:50]} 9. h3 {[%emt 0:06:11]} exd4 {[%emt 0:07:15]} 10. Nxd4 {[%emt 0:00:45]} Re8 {[%emt 0:03:34]} 11. Be3 {[%emt 0:07:21]} Nc5 {[%emt 0:02:16]} 12. Qc2 {[%emt 0:01:59]} c6 {[%emt 0:01:07]} 13. Rad1 {[%emt 0:06:18]} Qe7 {[%emt 0:13:02]} 14. Rfe1 {[%emt 0:00:19]} Bd7 {[%emt 0:01:11]} 15. f3 {[%emt 0:03:53]} Be6 {[%emt 0:04:38]} 16. b3 {[%emt 0:05:45]} Qc7 {[%emt 0:02:51]} 17. Bf2 {[%emt 0:02:30]} Bd7 {[%emt 0:03:10]} 18. g4 {[%emt 0:01:55]} Rad8 {[%emt 0:02:01]} 19. Bg3 {[%emt 0:03:48]} Bc8 {[%emt 0:02:54]} 20. Re2 {[%emt 0:01:32]} Qb6 {[%emt 0:06:16]} 21. Kh1 {[%emt 0:03:09]} h5 {[%emt 0:04:28]} 22. Bh4 {[%emt 0:07:30]} hxg4 {[%emt 0:01:34]} 23. hxg4 {[%emt 0:00:04]} Nfd7 {[%emt 0:04:25]} 24. Red2 {[%emt 0:03:41]} Ne5 {[%emt 0:03:49]} 25. Nde2 {[%emt 0:01:54]} Bh6 {[%emt 0:03:24]} 26. Rxd6 {[%emt 0:03:30]} Rxd6 {[%emt 0:00:04]} 27. Rxd6 {[%emt 0:00:05]} Ne6 {[%emt 0:02:16]} 28. Nd5 {[%emt 0:02:57]} Qc5 {[%emt 0:03:00]} 29. Nf6+ {[%emt 0:00:07]} Kf8 {[%emt 0:00:08]} 30. Nxe8 {[%emt 0:00:16]} Kxe8 {[%emt 0:00:46]} 31. Qd1 {[%emt 0:02:34]} g5 {[%emt 0:00:13]} 32. Bg3 {[%emt 0:01:45]} Bf8 {[%emt 0:00:35]} 33. Rd2 {[%emt 0:01:37]} Bg7 {[%emt 0:03:36]} 34. Nd4 {[%emt 0:02:35]} Nxd4 {[%emt 0:00:06]} 35. Rxd4 {[%emt 0:00:03]} Bf6 {[%emt 0:00:06]} 36. Rd6 {[%emt 0:03:30]} Be6 {[%emt 0:00:08]} 37. Qd2 {[%emt 0:01:49]} Ke7 {[%emt 0:02:04]} 38. Rd8 {[%emt 0:00:45]} Nd7 {[%emt 0:03:52]} 39. Rg8 {[%emt 0:03:52]} Qb4 {[%emt 0:00:50]} 40. Qd1 {[%emt 0:00:00]} Qc5 {[%emt 0:00:00]} 41. Bc7 {[%emt 0:03:08]} Qd4 {[%emt 0:03:37]} 42. Qxd4 {[%emt 0:05:14]} Bxd4 {[%emt 0:02:02]} 43. Rxg5 {[%emt 0:00:06]} b6 {[%emt 0:01:14]} 44. e5 {[%emt 0:00:43]} f6 {[%emt 0:02:50]} 45. exf6+ {[%emt 0:00:35]} Nxf6 {[%emt 0:04:42]} 46. Be5 {[%emt 0:00:45]} c5 {[%emt 0:01:23]} 47. Bc7 {[%emt 0:03:21]} Nd7 {[%emt 0:02:32]} 48. Bf1 {[%emt 0:00:14]} Bf6 {[%emt 0:01:10]} 49. Rh5 {[%emt 0:00:10]} Bf7 {[%emt 0:00:15]} 50. Rh7 {[%emt 0:00:52]} 1-0

[Event "HUN-ch-Women KO 2019"]
[Site "Budapest"]
[Date "2019.12.13"]
[Round "1.2"]
[White "Havanecz, Bianka"]
[Black "Gara, Ticia"]
[Result "0-1"]
[WhiteElo "2259"]
[BlackElo "2339"]
[Annotator "NA"]
[PlyCount "100"]
[EventDate "2019.12.10"]
[EventType "k.o."]
[EventCountry "HUN"]
[SourceTitle "playchess.com"]
[Source "ChessBase"]
[SourceQuality "1"]
[TimeControl "40/5400+30:1800+30"]

1. d4 {[%emt 0:00:02]} Nf6 {[%emt 0:00:07]} 2. c4 {[%emt 0:00:05]} e6 {[%emt 0:00:11]} 3. Nc3 {[%emt 0:00:06]} Bb4 {[%emt 0:00:18]} 4. e3 {[%emt 0:00:10]} O-O {[%emt 0:01:08]} 5. Bd2 {[%emt 0:00:04]} c5 {[%emt 0:01:44]} 6. dxc5 {[%emt 0:02:06]} Bxc5 {[%emt 0:00:30]} 7. Nf3 {[%emt 0:01:23]} b6 {[%emt 0:03:33]} 8. Bd3 {[%emt 0:02:23]} Bb7 {[%emt 0:01:12]} 9. Qc2 {[%emt 0:01:01]} Nc6 {[%emt 0:11:57]} 10. a3 {[%emt 0:00:19]} d5 {[%emt 0:00:38]} 11. cxd5 {[%emt 0:07:03]} exd5 {[%emt 0:00:08]} 12. b4 {[%emt 0:00:55]} Be7 {[%emt 0:00:55]} 13. Ne2 {[%emt 0:03:16]} Rc8 {[%emt 0:03:54]} 14. Qb1 {[%emt 0:00:09]} Ne4 {[%emt 0:03:23]} 15. Ra2 {[%emt 0:05:31]} Bf6 {[%emt 0:09:57]} 16. O-O {[%emt 0:07:23]} Ne5 {[%emt 0:01:47]} 17. Nxe5 {[%emt 0:00:38]} Bxe5 {[%emt 0:00:03]} 18. Ng3 {[%emt 0:01:23]} Qh4 {[%emt 0:07:07]} 19. Rc1 {[%emt 0:14:54]} g6 {[%emt 0:09:29]} 20. Be1 {[%emt 0:03:25]} Nc3 {[%emt 0:03:44]} 21. Bxc3 {[%emt 0:00:05]} Bxc3 {[%emt 0:03:21]} 22. Ne2 {[%emt 0:01:44]} Be5 {[%emt 0:01:35]} 23. h3 {[%emt 0:00:18]} Rxc1+ {[%emt 0:05:55]} 24. Qxc1 {[%emt 0:01:04]} Rc8 {[%emt 0:00:22]} 25. Rc2 {[%emt 0:00:20]} Qd8 {[%emt 0:00:47]} 26. Qd2 {[%emt 0:09:53]} Bb8 {[%emt 0:04:00]} 27. f4 {[%emt 0:04:45]} Bd6 {[%emt 0:04:44]} 28. Rxc8 {[%emt 0:02:34]} Qxc8 {[%emt 0:00:59]} 29. Bb1 {[%emt 0:01:49]} a5 {[%emt 0:07:10]} 30. Ba2 {[%emt 0:10:08]} axb4 {[%emt 0:01:30]} 31. axb4 {[%emt 0:00:05]} Qa8 {[%emt 0:01:33]} 32. b5 {[%emt 0:04:01]} Bc5 {[%emt 0:03:13]} 33. Kf2 {[%emt 0:02:42]} Qa3 {[%emt 0:01:05]} 34. Nc1 {[%emt 0:01:40]} Qa4 {[%emt 0:01:47]} 35. Nd3 {[%emt 0:04:17]} Qxb5 {[%emt 0:00:29]} 36. Kg3 {[%emt 0:00:24]} Bd6 {[%emt 0:01:51]} 37. Nf2 {[%emt 0:00:25]} h5 {[%emt 0:03:07]} 38. e4 {[%emt 0:03:05]} Bb4 {[%emt 0:01:25]} 39. Qc2 {[%emt 0:01:09]} Be1 {[%emt 0:01:13]} 40. Kh2 {[%emt 0:00:00]} Bxf2 {[%emt 0:00:00]} 41. Qxf2 {[%emt 0:04:40]} dxe4 {[%emt 0:01:54]} 42. Qd4 {[%emt 0:00:12]} Qf5 {[%emt 0:08:22]} 43. Qd2 {[%emt 0:01:46]} Kh7 {[%emt 0:03:43]} 44. Bb3 {[%emt 0:01:47]} b5 {[%emt 0:04:25]} 45. Qe3 {[%emt 0:05:51]} Bd5 {[%emt 0:01:42]} 46. Bd1 {[%emt 0:00:06]} Qf6 {[%emt 0:02:32]} 47. g4 {[%emt 0:02:38]} h4 {[%emt 0:00:44]} 48. Qf2 {[%emt 0:02:43]} g5 {[%emt 0:01:37]} 49. f5 {[%emt 0:02:00]} Qe5+ {[%emt 0:00:34]} 50. Kg1 {[%emt 0:00:06]} e3 {[%emt 0:00:31]} 0-1

[Event "HUN-ch-Women KO 2019"]
[Site "Budapest"]
[Date "2019.12.12"]
[Round "1.2"]
[White "Goczo, Melinda"]
[Black "Lazarne Vajda, Szidonia"]
[Result "0-1"]
[WhiteElo "2222"]
[BlackElo "2333"]
[Annotator "NA"]
[PlyCount "84"]
[EventDate "2019.12.10"]
[EventType "k.o."]
[EventCountry "HUN"]
[SourceTitle "playchess.com"]
[Source "ChessBase"]
[SourceQuality "1"]
[TimeControl "40/5400+30:1800+30"]

1. Nf3 {[%emt 0:00:05]} Nf6 {[%emt 0:00:31]} 2. g3 {[%emt 0:00:13]} g6 {[%emt 0:00:54]} 3. Bg2 {[%emt 0:00:22]} Bg7 {[%emt 0:00:17]} 4. O-O {[%emt 0:00:20]} O-O {[%emt 0:00:24]} 5. d3 {[%emt 0:00:13]} d6 {[%emt 0:02:17]} 6. e4 {[%emt 0:02:46]} e5 {[%emt 0:02:53]} 7. h3 {[%emt 0:03:08]} h6 {[%emt 0:04:07] A05: Réti Opening: 1 Nf3 Nf6} 8. Nh2 {[%emt 0:10:34]} (8. c4 c5 9. Nc3 Nc6 10. a3 a5 11. Bd2 Rb8 12. Rb1 Bd7 13. Nb5 Ne8 14. b4 axb4 15. axb4 {½-½ (31) Wang,Y (2359)-Zhang,X (2364) Wuxi 2016}) 8... d5 $146 {[%emt 0:14:32]} ({Predecessor:} 8... Bd7 9. Ng4 Nxg4 10. hxg4 Qc8 11. f3 Nc6 12. Be3 Ne7 13. Qd2 g5 14. Nc3 Ng6 15. Kf2 {1-0 (34) Marszalek,M (1800)-Krajewska,K (1600) Rudnik 2000}) 9. Qe2 {[%emt 0:05:52]} c6 {[%emt 0:07:14]} 10. c3 {[%emt 0:09:09]} Re8 {[%emt 0:10:36]} 11. Qc2 {[%emt 0:22:05]} Nbd7 {[%emt 0:02:49]} 12. Be3 {[%emt 0:02:35]} Nf8 {[%emt 0:04:49]} 13. a4 {[%emt 0:06:04]} Be6 {[%emt 0:04:15]} 14. Qc1 {[%emt 0:06:10]} (14. Nf3 $11) 14... Kh7 {[%emt 0:00:59]} 15. Na3 {[%emt 0:05:56]} Qd7 {[%emt 0:02:10]} 16. g4 {[%emt 0:02:20]} g5 {[%emt 0:01:49]} 17. h4 {[%emt 0:02:43]} Nxg4 {[%emt 0:09:24]} 18. Nxg4 {[%emt 0:00:56]} Bxg4 {[%emt 0:00:08]} 19. hxg5 {[%emt 0:00:00]} hxg5 {[%emt 0:02:27]} 20. Bxg5 {[%emt 0:00:17]} Ng6 {[%emt 0:02:50]} 21. f3 {[%emt 0:01:26]} Bh3 {[%emt 0:02:03]} 22. Kf2 {[%emt 0:01:00]} Bxg2 {[%emt 0:00:37]} 23. Kxg2 {[%emt 0:00:05]} Rh8 {[%emt 0:00:18]} 24. Rh1+ {[%emt 0:01:11]} Kg8 {[%emt 0:00:04]} 25. Rxh8+ {[%emt 0:00:34]} Bxh8 {[%emt 0:00:13]} 26. Qe3 {[%emt 0:01:39]} f6 {[%emt 0:04:19]} 27. Bh6 {[%emt 0:00:15]} Kf7 {[%emt 0:01:39]} 28. Rh1 {[%emt 0:00:47]} Rg8 {[%emt 0:00:07]} 29. Kf2 {[%emt 0:00:24]} b6 {[%emt 0:01:49]} 30. b4 {[%emt 0:03:54] [#]} (30. Qe2 $11 {remains equal.}) 30... Bg7 $1 {[%emt 0:00:47]} 31. Bxg7 {[%emt 0:02:52]} Rxg7 {[%emt 0:00:06]} 32. d4 {[%emt 0:02:31]} (32. Nc2 $17) 32... Nf4 {[%emt 0:01:57]} 33. Rh2 {[%emt 0:00:22]} Qe6 {[%emt 0:02:18]} 34. b5 {[%emt 0:02:30]} dxe4 {[%emt 0:03:33]} 35. c4 {[%emt 0:00:14]} Qd6 {[%emt 0:03:17]} 36. Nc2 {[%emt 0:01:12]} Nd3+ {[%emt 0:02:10]} 37. Ke2 {[%emt 0:00:51]} exd4 {[%emt 0:00:24]} 38. Qxe4 {[%emt 0:00:56]} Nc5 {[%emt 0:02:00]} 39. Qh4 {[%emt 0:00:57]} d3+ {[%emt 0:01:31]} 40. Kf1 {[%emt 0:00:00]} dxc2 {[%emt 0:00:00]} 41. Qh5+ {[%emt 0:04:35]} Ke7 {[%emt 0:01:47]} 42. Re2+ {[%emt 0:00:05]} Ne6 {[%emt 0:00:25]} 0-1

[Event "HUN-ch-Women KO 2019"]
[Site "Budapest"]
[Date "2019.12.13"]
[Round "1.2"]
[White "Juhasz, Barbara"]
[Black "Papp, Petra"]
[Result "1/2-1/2"]
[WhiteElo "2210"]
[BlackElo "2339"]
[Annotator "NA RC"]
[PlyCount "31"]
[EventDate "2019.12.10"]
[EventType "k.o."]
[EventCountry "HUN"]
[SourceTitle "playchess.com"]
[Source "ChessBase"]
[SourceQuality "1"]
[TimeControl "40/5400+30:1800+30"]

1. Nf3 {[%emt 0:00:18]} Nf6 {[%emt 0:00:45]} 2. g3 {[%emt 0:00:05]} g6 {[%emt 0:00:20]} 3. Bg2 {[%emt 0:00:35]} Bg7 {[%emt 0:00:04]} 4. O-O {[%emt 0:00:05]} O-O {[%emt 0:00:04]} 5. d3 {[%emt 0:00:07]} d5 {[%emt 0:00:24]} 6. Nbd2 {[%emt 0:00:06]} c5 {[%emt 0:00:41]} 7. e4 {[%emt 0:00:09]} Nc6 {[%emt 0:01:30]} 8. Re1 {[%emt 0:00:22]} dxe4 {[%emt 0:00:57]} 9. dxe4 {[%emt 0:00:20]} e5 {[%emt 0:01:47]} 10. c3 {[%emt 0:00:11]} h6 {[%emt 0:01:05]} 11. Qc2 {[%emt 0:01:50]} Be6 {[%emt 0:00:48]} 12. Bf1 {[%emt 0:00:18]} Qc7 {[%emt 0:00:37]} 13. Bc4 {[%emt 0:00:28]} Bxc4 {[%emt 0:00:08]} 14. Nxc4 {[%emt 0:00:04]} Rad8 {[%emt 0:00:23]} 15. a4 {[%emt 0:02:28]} b6 {[%emt 0:00:31]} 16. Kg2 {[%emt 0:03:10]} 1/2-1/2

[Event "HUN-ch-Women KO 2019"]
[Site "Budapest"]
[Date "2019.12.13"]
[Round "1.3"]
[White "Papp, Petra"]
[Black "Juhasz, Barbara"]
[Result "1/2-1/2"]
[WhiteElo "2339"]
[BlackElo "2210"]
[Annotator "NA"]
[PlyCount "215"]
[EventDate "2019.12.10"]
[EventType "k.o."]
[EventCountry "HUN"]
[SourceTitle "playchess.com"]
[Source "ChessBase"]
[SourceQuality "1"]

1. e4 c5 2. Nf3 Nc6 3. d4 cxd4 4. Nxd4 Qb6 5. Nb3 Nf6 6. Nc3 e6 7. Qe2 Bb4 8. Bd2 O-O 9. a3 Be7 10. f4 d5 11. e5 Nd7 12. Be3 Qd8 13. Qh5 g6 14. Qg4 b6 15. O-O-O a5 16. h4 a4 17. Nd4 Nxd4 18. Bxd4 Bc5 19. h5 f5 20. exf6 Nxf6 21. Qg3 Qe8 22. Be5 Ba6 23. Bxa6 Rxa6 24. Qh4 Be7 25. hxg6 Qxg6 26. Rd3 Kh8 27. Rg3 Qf7 28. Rgh3 Kg8 29. Qh6 Qg6 30. Qxg6+ hxg6 31. Bxf6 Bxf6 32. Rh7 Rf7 33. Rxf7 Kxf7 34. Rh7+ Bg7 35. Nb5 Kg8 36. Rh3 Ra5 37. Nc7 e5 38. fxe5 Bxe5 39. Ne6 Kf7 40. Ng5+ Kf6 41. Nf3 Bf4+ 42. Kd1 Rb5 43. b3 axb3 44. cxb3 Rxb3 45. Rh8 Kg7 46. Rd8 Rxa3 47. Rxd5 Ra1+ 48. Ke2 Ra2+ 49. Kd3 Rxg2 50. Rd7+ Kh6 51. Rb7 g5 52. Rxb6+ Kh5 53. Nxg5 Bxg5 54. Ke4 Kg4 55. Rb8 Re2+ 56. Kd3 Re7 57. Rf8 Bf4 58. Kc4 Kf3 59. Kd5 Re5+ 60. Kd4 Re1 61. Rf7 Rd1+ 62. Kc4 Ke4 63. Re7+ Be5 64. Rh7 Rc1+ 65. Kb4 Kd5 66. Kb3 Rc8 67. Rh5 Rc3+ 68. Kb4 Re3 69. Rg5 Re1 70. Kb3 Ke4 71. Rh5 Rb1+ 72. Kc4 Rc1+ 73. Kb5 Kd5 74. Rg5 Rb1+ 75. Ka5 Kd4 76. Ka6 Rb2 77. Rh5 Kd5 78. Ka5 Kd6 79. Ka4 Rb8 80. Rg5 Bd4 81. Rb5 Ra8+ 82. Kb3 Bc5 83. Kc4 Ra4+ 84. Kd3 Kd5 85. Rb8 Ra3+ 86. Kd2 Kc4 87. Rc8 Rh3 88. Ke2 Kd5 89. Rd8+ Kc4 90. Rc8 Kd4 91. Rd8+ Ke5 92. Re8+ Kd5 93. Rd8+ Bd6 94. Kd2 Kc5 95. Ke2 Be5 96. Rd3 Rh2+ 97. Kf3 Bd4 98. Ke4 Re2+ 99. Kf3 Re7 100. Ra3 Kd5 101. Ra5+ Bc5 102. Kf4 Rf7+ 103. Kg5 Rf1 104. Rb5 Kd4 105. Kg6 Kc4 106. Rb7 Kd5 107. Rb5 Rc1 108. Kf5 {Ke4+ Kxe4} 1/2-1/2

[Event "HUN-ch-Women KO 2019"]
[Site "Budapest"]
[Date "2019.12.12"]
[Round "1.4"]
[White "Gara, Ticia"]
[Black "Havanecz, Bianka"]
[Result "1-0"]
[WhiteElo "2339"]
[BlackElo "2259"]
[Annotator "ChessBase"]
[PlyCount "65"]
[EventDate "2019.12.10"]
[EventType "k.o."]
[EventCountry "HUN"]
[SourceTitle "playchess.com"]
[Source "ChessBase"]
[SourceQuality "1"]
[TimeControl "40/5400+30:1800+30"]

1. d4 {[%emt 0:00:03]} d5 {[%emt 0:00:19]} 2. Nf3 {[%emt 0:00:10]} Nf6 {[%emt 0:00:07]} 3. g3 {[%emt 0:00:06]} e6 {[%emt 0:00:06]} 4. Bg2 {[%emt 0:00:30]} Be7 {[%emt 0:00:07]} 5. c4 {[%emt 0:00:24]} O-O {[%emt 0:00:10]} 6. Nc3 {[%emt 0:00:15]} dxc4 {[%emt 0:05:05]} 7. Ne5 {[%emt 0:00:14]} Nd5 {[%emt 0:05:09]} 8. Nxc4 {[%emt 0:03:05]} b6 {[%emt 0:01:01]} 9. O-O {[%emt 0:03:04]} Bb7 {[%emt 0:00:07]} 10. e4 {[%emt 0:05:01]} Nxc3 {[%emt 0:00:08]} 11. bxc3 {[%emt 0:00:03]} Nd7 {[%emt 0:01:42]} 12. Re1 {[%emt 0:02:18]} c5 {[%emt 0:06:22]} 13. d5 {[%emt 0:07:10]} exd5 {[%emt 0:00:29]} 14. exd5 {[%emt 0:00:04]} Bf6 {[%emt 0:00:30]} 15. Qb3 {[%emt 0:10:48]} Ba6 {[%emt 0:02:02]} 16. Bf4 {[%emt 0:04:28]} b5 {[%emt 0:15:21]} 17. Nd6 {[%emt 0:09:14]} Qb6 {[%emt 0:12:43]} 18. Ne4 {[%emt 0:02:54]} c4 {[%emt 0:11:02]} 19. Qb4 {[%emt 0:08:06]} Rfe8 {[%emt 0:08:37]} 20. Be3 {[%emt 0:04:47]} Qb8 {[%emt 0:00:34]} 21. Qa5 {[%emt 0:08:00]} Bc8 {[%emt 0:07:32]} 22. Nxf6+ {[%emt 0:11:54]} Nxf6 {[%emt 0:00:05]} 23. d6 {[%emt 0:01:28]} Bg4 {[%emt 0:02:59]} 24. Bf4 {[%emt 0:04:58]} Bd7 {[%emt 0:00:05]} 25. Re7 {[%emt 0:01:21]} a6 {[%emt 0:05:36]} 26. Rae1 {[%emt 0:01:26]} Qd8 {[%emt 0:00:31]} 27. Qa3 {[%emt 0:01:41]} a5 {[%emt 0:04:30]} 28. Bg5 {[%emt 0:01:11]} Ra6 {[%emt 0:03:59]} 29. Bxf6 {[%emt 0:02:17]} gxf6 {[%emt 0:00:05]} 30. Qc5 {[%emt 0:01:28]} a4 {[%emt 0:03:47]} 31. Bb7 {[%emt 0:02:56]} Ra5 {[%emt 0:00:48]} 32. Rxe8+ Bxe8 {[%emt 0:00:08]} 33. Qc7 {[%emt 0:01:37]} 1-0

[Event "HUN-ch-Women KO 2019"]
[Site "Budapest"]
[Date "2019.12.13"]
[Round "1.4"]
[White "Juhasz, Barbara"]
[Black "Papp, Petra"]
[Result "0-1"]
[WhiteElo "2210"]
[BlackElo "2339"]
[Annotator "NA"]
[PlyCount "176"]
[EventDate "2019.12.10"]
[EventType "k.o."]
[EventCountry "HUN"]
[SourceTitle "playchess.com"]
[Source "ChessBase"]
[SourceQuality "1"]

1. e4 e5 2. Nf3 Nc6 3. Bb5 Nf6 4. O-O Nxe4 5. Re1 Nd6 6. Nxe5 Be7 7. Bf1 O-O 8. d4 Nf5 9. Nxc6 dxc6 10. c3 Bd6 11. Nd2 Be6 12. Ne4 Be7 13. Bd3 b6 14. Bf4 Nd6 15. Qh5 g6 16. Qe2 Re8 17. Qf3 Nxe4 18. Bxe4 Bd5 19. a3 Qd7 20. Be5 f5 21. Bxd5+ cxd5 22. Qg3 Bd6 23. Bxd6 Qxd6 24. Re5 Rxe5 25. dxe5 Qe6 26. f4 Rd8 27. Rd1 c5 28. Qe3 Kf7 29. Kf2 Qc6 30. Rd2 Qe6 31. h3 Kg7 32. Kg1 Kf7 33. Kf2 Kg7 34. Kg1 h6 35. Kf2 Kf7 36. Kg1 Qc6 37. Re2 Qe6 38. Qd3 d4 39. c4 Re8 40. b3 Qc6 41. g4 Qe6 42. Rg2 fxg4 43. hxg4 Qc6 44. Qh3 Rh8 45. g5 Qe4 46. Rf2 Qe1+ 47. Kg2 Qe4+ 48. Kf1 Qb1+ 49. Kg2 Qe4+ 50. Kg1 Qe1+ 51. Rf1 Qe3+ 52. Qxe3 dxe3 53. gxh6 Rxh6 54. Re1 Rh4 55. Rxe3 Rxf4 56. Rd3 Ke6 57. Rd6+ Kxe5 58. Rd7 Rf3 59. b4 Rxa3 60. bxc5 bxc5 61. Rd5+ Kf4 62. Rxc5 Ra2 63. Rc8 g5 64. c5 Kg3 65. Kf1 g4 66. c6 Rc2 67. Ra8 Rxc6 68. Rxa7 Rc1+ 69. Ke2 Rg1 70. Rg7 Kh2 71. Rh7+ Kg2 72. Rb7 g3 73. Rb2 Rf1 74. Rb8 Rf7 75. Rg8 Re7+ 76. Kd3 Kf2 77. Rf8+ Kg1 78. Rg8 g2 79. Rg6 Re5 80. Kd4 Re1 81. Kd3 Re8 82. Kd2 Re5 83. Rf6 Kh2 84. Rh6+ Kg3 85. Rg6+ Kf3 86. Kd3 Rd5+ 87. Kc4 Rd1 88. Rf6+ Ke4 0-1

[Event "HUN-ch-Women KO 2019"]
[Site "Budapest"]
[Date "2019.12.16"]
[Round "2.1"]
[White "Gara, Anita"]
[Black "Gara, Ticia"]
[Result "1/2-1/2"]
[WhiteElo "2350"]
[BlackElo "2339"]
[Annotator "NA"]
[PlyCount "57"]
[EventDate "2019.12.10"]
[EventType "k.o."]
[EventRounds "4"]
[EventCountry "HUN"]
[SourceTitle "playchess.com"]
[Source "ChessBase"]
[SourceQuality "1"]
[TimeControl "40/5400+30:1800+30"]

1. e4 c5 2. Nf3 d6 3. d4 cxd4 4. Nxd4 Nf6 5. Nc3 Nc6 6. Bg5 e6 7. Qd2 a6 8. O-O-O Bd7 9. f4 b5 10. Bxf6 gxf6 11. Kb1 Qb6 12. Nxc6 Bxc6 13. f5 Qc5 14. Bd3 h5 15. fxe6 fxe6 16. e5 fxe5 17. Ne4 Bxe4 18. Bxe4 Rc8 19. Bb7 Rc7 20. Bxa6 Qb6 21. Qd3 Qxa6 22. Qg6+ Rf7 23. Rhf1 Rhh7 24. Rxf7 Rxf7 25. Rf1 Qb7 26. Qxe6+ Re7 27. Qg6+ Rf7 28. Qe6+ Re7 29. Qg6+ 1/2-1/2